• 首页
  • 本馆介绍
  • 公告通知
  • 最新文献
  • 馆藏检索
  • 电子资源
  • 读者导购
  • 参考咨询
  • 我的图书馆
  • 登录
  • 详细信息显示
  • 放入我的书架
  • 预约/预借图书
  • 作者相关作品
  • 分类相关作品
  • 丛书相关作品
  • 出版社相关作品

书目信息

  • 表格格式
  • 工作单格式
  • 卡片格式
题名:
电子计算机应用基础
    
 
作者: 毛汉字 编
分册:  
出版信息: 北京   冶金工业出版社  1984.11
页数: 278页
开本: 19cm
丛书名:
单 册:
中图分类: TM11
科图分类:
主题词: 电工单位 , 电工--计算
电子资源:
ISBN: 7-5352-0959-9
000 00568nam0 2200205 45
001 0308271082
005 20030827104458.1
010    @a7-5352-0959-9@dRMB1.15
100    @a20030827d1984 km y0chiy0120 ea
101    @achi
105    @a z 000yy
200 1  @a电子计算机应用基础@Adian zi ji suan ji ying yong ji chu@f毛汉字编@Fmao han zi bian
210    @a北京@c冶金工业出版社@d1984.11
215    @a278页@c无图表@d19cm
606 0  @a电工单位
606 0  @a电工@x计算
690    @aTM11@v3
701  0 @a毛汉字@4编
801    @aCN@b@c20030827
905    @aBZT@dTM11@e102
    
    电子计算机应用基础/毛汉字编.-北京:冶金工业出版社,1984.11
    278页:无图表;19cm
    
    
    ISBN 7-5352-0959-9:RMB1.15
    
●
相关链接 在五车中查询图书 在当当中查询图书 在豆瓣中查询图书


正题名:电子计算机应用基础     索取号:TM11/102         预约/预借

序号 登录号 条形码 馆藏地/架位号 状态 备注
1 2473   200498318   中心书库中库/ 中库029架B面3列6层21/ [索取号:TM11/102] 在馆    
欢迎您!
大连网信软件有限公司© 版权所有